|
|
|
|
| LEADER |
00000nam0a2200000 4500 |
| 001 |
298477 |
| 005 |
20231102001116.0 |
| 010 |
|
|
|a 9785811412174
|
| 035 |
|
|
|a (RuTPU)RU\TPU\book\323620
|
| 035 |
|
|
|a RU\TPU\book\216816
|
| 090 |
|
|
|a 298477
|
| 100 |
|
|
|a 20150618d2015 m y0rusy50 ca
|
| 101 |
0 |
|
|a rus
|
| 102 |
|
|
|a RU
|
| 105 |
|
|
|a a j 001zy
|
| 200 |
1 |
|
|a Основы методов оптимизации
|e учебное пособие
|f В. В. Лесин, Ю. П. Лисовец
|
| 205 |
|
|
|a 3-е изд., испр.
|
| 210 |
|
|
|a Санкт-Петербург
|c Лань
|d 2015
|
| 215 |
|
|
|a 342 с.
|c ил.
|
| 225 |
1 |
|
|a Учебники для вузов. Специальная литература
|
| 320 |
|
|
|a Библиогр.: с. 340-341.
|
| 330 |
|
|
|a В книге рассмотрен широкий круг математических аспектов оптимизации: математическое моделирование, безусловная минимизации конечномерных и бесконечномерных гильбертовых пространствах, основы дискретной минимизации и задачи оптимального управления. Значительное внимание уделено построению численных методов решения задач оптимизации и описанию алгоритмов их реализации. Приведено большое количество наглядных иллюстраций и конкретных примеров. Учебное пособие предназначено для студентов вузов, обучающихся по техническим, физическим и математическим направлениям подготовки.
|
| 606 |
1 |
|
|a Оптимизации методы
|x (математика)
|2 stltpush
|3 (RuTPU)RU\TPU\subj\53318
|9 71633
|
| 610 |
1 |
|
|a оптимизация
|
| 610 |
1 |
|
|a математическое моделирование
|
| 610 |
1 |
|
|a численные методы
|
| 610 |
1 |
|
|a задачи
|
| 610 |
1 |
|
|a решение
|
| 610 |
1 |
|
|a одномерная оптимизация
|
| 610 |
1 |
|
|a безусловная минимизация
|
| 610 |
1 |
|
|a функции многих переменных
|
| 610 |
1 |
|
|a многомерная минимизация
|
| 610 |
1 |
|
|a линейное программирование
|
| 610 |
1 |
|
|a нелинейное программирование
|
| 610 |
1 |
|
|a дискретные задачи
|
| 610 |
1 |
|
|a бесконечномерные пространства
|
| 610 |
1 |
|
|a приближенные решения
|
| 610 |
1 |
|
|a оптимальное управление
|
| 610 |
1 |
|
|a учебные пособия
|
| 675 |
|
|
|a 519.85(075.8)
|v 3
|
| 675 |
|
|
|a 517.977(075.8)
|v 3
|
| 700 |
|
1 |
|a Лесин
|b В. В.
|g Виктор Васильевич
|
| 701 |
|
1 |
|a Лисовец
|b Ю. П.
|g Юрий Павлович
|
| 801 |
|
1 |
|a RU
|b 63413507
|c 20110708
|
| 801 |
|
2 |
|a RU
|b 63413507
|c 20150630
|g RCR
|
| 900 |
|
|
|a Методы оптимизации
|
| 942 |
|
|
|c BK
|
| 959 |
|
|
|a 59/20150424
|d 5
|e 857,56
|f УФ:5
|